Analog filter design / (Record no. 194876)
[ view plain ]
| 000 -LEADER | |
|---|---|
| fixed length control field | 01611 a2200241 4500 |
| 003 - CONTROL NUMBER IDENTIFIER | |
| control field | Nust |
| 005 - DATE AND TIME OF LATEST TRANSACTION | |
| control field | 20170207154206.0 |
| 010 ## - LIBRARY OF CONGRESS CONTROL NUMBER | |
| LC control number | 81023774 |
| 020 ## - INTERNATIONAL STANDARD BOOK NUMBER | |
| International Standard Book Number | 0030592461 |
| 040 ## - CATALOGING SOURCE | |
| Transcribing agency | Nust |
| 082 00 - DEWEY DECIMAL CLASSIFICATION NUMBER | |
| Classification number | 621.3815324 |
| 100 1# - MAIN ENTRY--PERSONAL NAME | |
| Personal name | Van Valkenburg, M. E. |
| 245 10 - TITLE STATEMENT | |
| Title | Analog filter design / |
| Statement of responsibility, etc. | M.E. Van Valkenburg. |
| 260 ## - PUBLICATION, DISTRIBUTION, ETC. | |
| Place of publication, distribution, etc. | New York : |
| Name of publisher, distributor, etc. | Holt, Rinehart, and Winston, |
| Date of publication, distribution, etc. | c1982. |
| 300 ## - PHYSICAL DESCRIPTION | |
| Extent | xi, 608 p. : |
| Other physical details | ill. ; |
| Dimensions | 25 cm. |
| 440 #0 - SERIES STATEMENT/ADDED ENTRY--TITLE | |
| Title | HRW series in electrical and computer engineering |
| 500 ## - GENERAL NOTE | |
| General note | Introduction (Page-1) Resistor Operational Amplifier Circuits (Page-15) Bilinear Transfer Functions and Frequency Response (Page-53) Cascade Design with First-Order Circuits (Page-85) The Biquad Circuit (Page-119) Butterworth Lowpass Filters (Page-157) Butterworth Bandpass Filters (Page-189) The Chebyshev Response (Page-223) Sensitivity (Page-261) Delay Filters (Page-279) Frequency Transformations (Page-299) Highpass and Band-Elimination Filters (Page-323) Inverse Chebyshev and Cauer Filters (Page-365) Propotoype and Frequency Transformed Ladders (Page-399) Ladder Design with Simulated Elements (Page-429) Leapfrog Simulation of Ladders (Page-459) Switched-Capacitor Filters (Page-487) Delay Equalization (Page-523) Op Amp Oscillators (Page-549) Better Op-Amp Models (Page-571) |
| 538 ## - SYSTEM DETAILS NOTE | |
| System details note | Almirah No. 130 and Shelf No. 3 |
| 650 #0 - SUBJECT ADDED ENTRY--TOPICAL TERM | |
| Topical term or geographic name entry element | Electric filters, Active. |
| 650 #0 - SUBJECT ADDED ENTRY--TOPICAL TERM | |
| Topical term or geographic name entry element | Operational amplifiers. |
| 856 42 - ELECTRONIC LOCATION AND ACCESS | |
| Materials specified | Publisher description |
| Uniform Resource Identifier | <a href="http://www.loc.gov/catdir/enhancements/fy0640/81023774-d.html">http://www.loc.gov/catdir/enhancements/fy0640/81023774-d.html</a> |
| 856 42 - ELECTRONIC LOCATION AND ACCESS | |
| Materials specified | Table of contents only |
| Uniform Resource Identifier | <a href="http://www.loc.gov/catdir/enhancements/fy0640/81023774-t.html">http://www.loc.gov/catdir/enhancements/fy0640/81023774-t.html</a> |
| 942 ## - ADDED ENTRY ELEMENTS (KOHA) | |
| Source of classification or shelving scheme | |
| Koha item type | Book |
| Withdrawn status | Lost status | Source of classification or shelving scheme | Damaged status | Not for loan | Collection code | Permanent Location | Current Location | Date acquired | Total Checkouts | Full call number | Barcode | Date last seen | Price effective from | Koha item type |
|---|---|---|---|---|---|---|---|---|---|---|---|---|---|---|
| Military College of Signals (MCS) | Military College of Signals (MCS) | 12/12/2016 | 621.381324 VAL | MCS12253 | 12/08/2016 | 12/12/2016 | Book |
